| 000 | 00598 a2200193 4500 | ||
|---|---|---|---|
| 999 |
_c654 _d654 |
||
| 020 | _a0333375300 (pbk.) | ||
| 050 | 1 | 4 | _aRA441.5 SAN 1985 |
| 100 | 1 |
_aSanders, David, _d1945- |
|
| 245 | 1 | 4 |
_aThe struggle for health : _bmedicine and the politics of underdevelopment / _cDavid Sanders and Richard Carver. |
| 264 |
_aHoundmills _bMacmillan _c1985 |
||
| 300 |
_axiv, 232 p. : _bill. ; |
||
| 500 | _aMedicine | ||
| 504 | _aBibliography: p. 222-226. | ||
| 650 | 0 | _aPublic health | |
| 650 | 0 | _aHealth planning | |
| 650 | 0 | _aMedical policy | |
| 700 | 1 | _aCarver, Richard. | |
| 942 |
_2lcc _cBK _h441.5 _iSAN _kRA |
||